|
|
|
|
| LEADER |
01212nam a2200325Ia 4500 |
| 001 |
EBC950576 |
| 003 |
MiAaPQ |
| 005 |
20200520144314.0 |
| 006 |
m o d | |
| 007 |
cr cn||||||||| |
| 008 |
090423s2011 enka s 001 0 eng d |
| 020 |
|
|
|z 9781849513869
|
| 035 |
|
|
|a (MiAaPQ)EBC950576
|
| 035 |
|
|
|a (Au-PeEL)EBL950576
|
| 035 |
|
|
|a (CaPaEBR)ebr10448367
|
| 035 |
|
|
|a (CaONFJC)MIL301143
|
| 035 |
|
|
|a (OCoLC)780496050
|
| 040 |
|
|
|a MiAaPQ
|c MiAaPQ
|d MiAaPQ
|
| 050 |
|
4 |
|a HF5679
|b .R36 2011
|
| 100 |
1 |
|
|a Ramachandran, Ashok.
|
| 245 |
1 |
0 |
|a Gnucash 2.4 small business accounting
|h [electronic resource] :
|b beginner's guide /
|c Ashok Ramachandran.
|
| 260 |
|
|
|a Birmingham, U.K. :
|b Packt Publishing Ltd.,
|c 2011.
|
| 300 |
|
|
|a ix, 304 p. :
|b ill.
|
| 500 |
|
|
|a Includes index.
|
| 533 |
|
|
|a Electronic reproduction. Ann Arbor, MI : ProQuest, 2015. Available via World Wide Web. Access may be limited to ProQuest affiliated libraries.
|
| 650 |
|
0 |
|a Small business
|x Accounting.
|
| 650 |
|
0 |
|a Small business
|x Accounting
|x Computer programs.
|
| 655 |
|
4 |
|a Electronic books.
|
| 710 |
2 |
|
|a ProQuest (Firm)
|
| 856 |
4 |
0 |
|u https://ebookcentral.proquest.com/lib/matrademy/detail.action?docID=950576
|z Click to View
|